| 000 | 00601nam a22001817a 4500 | ||
|---|---|---|---|
| 003 | BD-DhUL | ||
| 005 | 20160906105555.0 | ||
| 008 | 160906s1998 i a|||| |||| 000 0 b d | ||
| 040 |
_cBD-DhUL _dBD-DhUL |
||
| 082 |
_a954.025 _bGHI |
||
| 100 | 1 | _aঘোষ, এস. | |
| 245 |
_aইসলাম ইন ইন্ডিয়া / _cএস. ঘোষ |
||
| 260 |
_aকলিকাতা : _bজে. এন. ঘোষ এ্যান্ড সন্স, _c১৯৯৮ । |
||
| 300 |
_a১৪০ পৃ. ; _c২১ সেমি. । |
||
| 650 | _aভারত | ||
| 650 | _aIndia | ||
| 942 |
_2ddc _cBK |
||
| 999 |
_c104354 _d104354 |
||